Online Catalogue and eLibrary

Russian women's studies : (Record no. 61)

MARC details
000 -LEADER
fixed length control field 00805pam a2200253 a 4500
001 - CONTROL NUMBER
control field 548716
005 - DATE AND TIME OF LATEST TRANSACTION
control field 20231123011638.0
008 - FIXED-LENGTH DATA ELEMENTS--GENERAL INFORMATION
fixed length control field 880629s1989 enkcf 000 0 eng
020 ## - INTERNATIONAL STANDARD BOOK NUMBER
ISBN 0080364829 :
020 ## - INTERNATIONAL STANDARD BOOK NUMBER
ISBN 0080364810 (pbk.) :
040 ## - CATALOGING SOURCE (பட்டியலாக்க மூலம்)
Original cataloging agency DLC
Transcribing agency DLC
Modifying agency DLC
082 00 - DDC Classification
Class No. 305.4/2/0947
DDC Edition Number 19
Item Number - Author Mark TAY.
100 1# - MAIN ENTRY--PERSONAL NAME
Personal name Mamonova, Tatyana,
245 10 - TITLE STATEMENT
Title Russian women's studies :
Remainder of title essays on sexism in Soviet culture /
Statement of responsibility, etc. by Tatyana Mamonova ; with the assistance of Margaret Maxwell.
250 ## - EDITION STATEMENT
Edition statement 1st ed.
260 ## - PUBLICATION, DISTRIBUTION, ETC.
Place of publication, distribution, etc. Oxford ;
-- New York :
Name of publisher, distributor, etc. Pergamon Press,
Date of publication, distribution, etc. 1989.
300 ## - PHYSICAL DESCRIPTION
Extent (e.g. Volumes, Pages etc.) xiv, 178 p. [2] leaves of plates :
500 ## - GENERAL NOTE
General note Essays originally published 1984-1987 and translated into English.
650 #0 - SUBJECT ADDED ENTRY--TOPICAL TERM
Topical term or geographic name entry element Women
650 #0 - SUBJECT ADDED ENTRY--TOPICAL TERM
Topical term or geographic name entry element Feminism
650 #0 - SUBJECT ADDED ENTRY--TOPICAL TERM
Topical term or geographic name entry element Sexism
700 1# - ADDED ENTRY--PERSONAL NAME
Personal name Maxwell, Margaret.
942 ## - Koha item type (Biblio)
Koha item type Books in Stacks (Lending)
Holdings
Lost status Damaged status Collection code Home library Current library Date acquired Full call number Accession Number Item type
    Lending WERC Library WERC Library 11/23/2023 305.4/2/0947 TAY. 3560 Books in Stacks (Lending)

© WERC Library